000 00321nam a2200133Ia 4500
008 100328s9999 xx 000 0 und d
082 _b39447
100 _aवैद्य सुरेश.
245 _aसावर
260 _bदिलीप
630 _aसावर
730 _aसावर
942 _cBOOK
999 _c528391
_d528388